Dielektrická spektroskopie karboxymetylcelulózy v časové oblasti = Time-domain dielectric spectroscopy of carboxymethylcellulose : zkrácená verze Ph.D. Thesis /

Main Author: Palai-Dany, Tomáš, 1981-
Corporate Author: Vysoké učení technické v Brně. Ústav fyziky
Language: Czech
Published: [V Brně : Vysoké učení technické], c2010
Series: Vědecké spisy Vysokého učení technického v Brně. PhD Thesis, sv. 575
Subjects:
Physical Description: 31 s. : il., 21 cm
Language note: Anglické resumé
Book
Saved in:
LEADER 02330nam a2200553 a 4500
001 nkc20102029825
003 CZ PrNK
005 20100929134407.0
007 ta
008 100120s2010 xr a f m 000 0 cze
015 |a cnb002029825 
020 |a 978-80-214-4041-8  |q (brož.) 
035 |a (OCoLC)670478079 
040 |a BOA001  |b cze  |d ABA001 
041 0 |a cze  |b eng 
072 7 |a 621.3  |x Elektrotechnika  |2 Konspekt  |9 19 
080 |a 621.315.61  |2 MRF 
080 |a 53.082.72/.77  |2 MRF 
080 |a 543.42  |2 MRF 
080 |a (043.3)378.245  |2 MRF 
080 |a (048.3)  |2 MRF 
100 1 |a Palai-Dany, Tomáš,  |d 1981-  |7 xx0115852  |4 dis 
245 1 0 |a Dielektrická spektroskopie karboxymetylcelulózy v časové oblasti =  |b Time-domain dielectric spectroscopy of carboxymethylcellulose : zkrácená verze Ph.D. Thesis /  |c Tomáš Palai-Dany 
246 3 1 |a Time-domain dielectric spectroscopy of carboxymethylcellulose 
260 |a [V Brně :  |b Vysoké učení technické],  |c c2010 
300 |a 31 s. :  |b il.,  |c 21 cm 
490 1 |a Vědecké spisy Vysokého učení technického v Brně. PhD Thesis,  |x 1213-4198 ;  |v sv. 575 
500 |a "Obor: Teleinformatika" 
500 |a Zkrácená verze disertace (Ph.D.)--Vysoké učení technické v Brně, Fakulta elektrotechniky a komunikačních technologií, Ústav fyziky, 2009 
504 |a Obsahuje bibliografii 
546 |a Anglické resumé 
650 0 7 |a dielektrika  |7 ph370269  |2 czenas 
650 0 7 |a elektrická měření  |7 ph119846  |2 czenas 
650 0 7 |a spektroskopie  |7 ph116234  |2 czenas 
650 0 9 |a dielectrics  |2 eczenas 
650 0 9 |a electric measurements  |2 eczenas 
650 0 9 |a spectroscopy  |2 eczenas 
655 7 |a doktorské disertace  |7 fd186751  |2 czenas 
655 7 |a teze  |7 fd133701  |2 czenas 
655 9 |a higher doctoral dissertations  |2 eczenas 
655 9 |a abstracts  |2 eczenas 
710 2 |a Vysoké učení technické v Brně.  |b Ústav fyziky  |7 kn20020906023 
810 2 |a Vysoké učení technické v Brně.  |t Vědecké spisy.  |p PhD Thesis  |0 s 
910 2 |a BOA001  |b 2-1245.483 
990 |a BK 
995 |a 01 
991 |b 201008  |c NOV  |e n 
996 6 |b 2610442043  |c 2-1245.483  |l MZK  |r Sklad / do 1 hodiny  |n 0  |p p.v.  |w 001131566  |u 000010  |a 1  |e BOA001  |j MZK50  |s P 
996 7 |b 2610442044  |c 2-1245.483  |l MZK  |r Sklad / do 1 hodiny  |n 1  |p p.v.  |w 001131566  |u 000020  |a 1  |e BOA001  |j MZK50  |s A